000
00287nam a2200121 a 4500
008
101208s1986|||| d
100
1
_a
Herfurt, Ivan
245
1
0
_a
Zlatý fond světové kinematografie
260
_b
Horizont
_a
Praha
_c
1986
020
_c
49
041
_a
ces
044
_a
CZ
999
_c
13916
_d
13916